|
|
|
|
| LEADER |
00000nas a2200000 i 4500 |
| 001 |
ssj0000561651 |
| 003 |
WaSeSS |
| 005 |
20200512172242.0 |
| 006 |
m d |
| 007 |
cr n |
| 008 |
100416c20109999gw ar s 0 a0eng |
| 010 |
|
|
|a 2010207850
|
| 016 |
7 |
|
|a 2579369-X
|2 DE-600
|
| 022 |
|
|
|a 2154-4611
|
| 035 |
|
|
|a (WaSeSS)ssj0000561651
|
| 037 |
|
|
|b Berkely Electronic Press, 2809 Telegraph Ave., Ste. 202, Berkeley, CA 94705
|
| 040 |
|
|
|a DLC
|b eng
|c DLC
|d TXQ
|d HEBIS
|d DLC
|d OCLCQ
|d DLC
|d OCLCF
|d CUS
|d OCLCO
|d DLC
|d OCL
|d OCLCO
|d OCLCQ
|d AU@
|d DLC
|d WaSeSS
|
| 042 |
|
|
|a pcc
|a nsdp
|
| 043 |
|
|
|a a------
|
| 050 |
0 |
0 |
|a KM242.A15
|
| 082 |
0 |
0 |
|a 340
|2 23
|
| 222 |
|
0 |
|a Asian journal of law and economics
|
| 245 |
0 |
0 |
|a Asian journal of law and economics
|h [electronic resource].
|
| 246 |
1 |
|
|a AJLE
|
| 260 |
|
|
|a [Berkeley, CA] :
|b [Berkeley Electronic Press],
|c [2010]-
|
| 260 |
3 |
|
|3 <2013-> :
|a [Berlin, Germany] :
|b DeGruyter
|
| 310 |
|
|
|a Annual
|
| 362 |
1 |
|
|a Began with: Volume 1, issue 1 (Jul 2010).
|
| 506 |
|
|
|a License restrictions may limit access.
|
| 538 |
|
|
|a Mode of access: World Wide Web.
|
| 588 |
|
|
|a Description based on: Volume 1, issue 1 (Jul 2010); title from caption (DeGruyter website, viewed June 24, 2013).
|
| 588 |
|
|
|a Latest issue consulted: Volume 9, issue 3 (Dec. 2018) (DeGruyter website, viewed Nov. 27, 2018).
|
| 650 |
|
0 |
|a Law
|v Periodicals.
|
| 650 |
|
0 |
|a Law
|x Economic aspects
|z Asia
|v Periodicals.
|
| 650 |
|
0 |
|a Law and economics
|v Periodicals.
|
| 650 |
|
7 |
|a Law and economics
|2 fast
|0 (OCoLC)fst00993900
|
| 650 |
|
7 |
|a Law.
|2 fast
|0 (OCoLC)fst00993678
|
| 650 |
|
7 |
|a Law
|x Economic aspects.
|2 fast
|0 (OCoLC)fst00993723
|
| 651 |
|
7 |
|a Asia.
|2 fast
|0 (OCoLC)fst01240495
|
| 655 |
|
0 |
|a Electronic journals.
|
| 856 |
4 |
0 |
|z Full text available from Research Library: 01/01/2013 to 6 months ago
|u https://search.proquest.com/publication/2031367
|